Normal view
MARC view
- GAS TURBINE PROPULSION; AIRPLANES-JET PROPULSION
Entry Topical Term
001 - CONTROL NUMBER
- control field: 60955
003 - CONTROL NUMBER IDENTIFIER
- control field: NUST
005 - DATE AND TIME OF LATEST TRANSACTION
- control field: 20210628202646.0
008 - FIXED-LENGTH DATA ELEMENTS
- fixed length control field: 210628|| aca||aabn | a|a d
040 ## - CATALOGING SOURCE
- Original cataloging agency: NUST
- Transcribing agency: NUST
150 ## - HEADING--TOPICAL TERM
- Topical term or geographic name entry element: GAS TURBINE PROPULSION; AIRPLANES-JET PROPULSION
670 ## - SOURCE DATA FOUND
- Source citation: Work cat.: (NUST): Mattingly, Jack.D 60954, Elements of gas turbine propulsion, 1996
